Statistics for Trace the Coast of Afro-Eurasia with a Map

Click here to take the quiz!

General Stats

  • This quiz has been taken 45,466 times
    (45,405 since last reset)
  • The average score is 73 of 105

Answers on the Map

Answers color-coded by a green-red scale on the quiz's map according to % correct below.
 

Answer Stats

Countries% Correct
Russia
(Asian Arctic)
100%
North Korea
(Sea of Japan)
90%
South Korea
90%
China
81%
Vietnam
81%
Cambodia
80%
North Korea
(Yellow Sea)
80%
Thailand
(Gulf of Thailand)
80%
Bangladesh
79%
India
79%
Malaysia
79%
Myanmar
79%
Pakistan
79%
Thailand
(Andaman Sea)
79%
Iran
78%
Iraq
78%
Saudi Arabia
(North Persian Gulf)
78%
Kuwait
77%
Oman
(Strait of Hormuz)
77%
Qatar
77%
Saudi Arabia
(South Persian Gulf)
77%
United Arab Emirates
(Persian Gulf)
77%
Oman
(Arabian Sea)
76%
Saudi Arabia
(Red Sea)
76%
Yemen
76%
Egypt
(Red Sea)
75%
Israel
(Gulf of Aqaba)
75%
Jordan
75%
Sudan
75%
United Arab Emirates
(Arabian Sea)
75%
Djibouti
74%
Eritrea
74%
Kenya
74%
Somalia
74%
South Africa
74%
Tanzania
74%
Angola
73%
DR Congo
73%
Mozambique
73%
Namibia
73%
Benin
68%
Cameroon
68%
Nigeria
68%
Togo
68%
Algeria
67%
Egypt
(Mediterranean Sea)
67%
Equatorial Guinea
67%
Gabon
67%
Gambia
67%
Ghana
67%
Israel
(Mediterranean Sea)
67%
Ivory Coast
67%
Lebanon
67%
Liberia
67%
Libya
67%
Mauritania
67%
Morocco
67%
Republic of the Congo
67%
Senegal
(North)
67%
Senegal
(South)
67%
Sierra Leone
67%
Tunisia
67%
Turkey
(Asian)
67%
Guinea
66%
Guinea-Bissau
66%
Syria
66%
Angola
(Cabinda)
65%
Georgia
65%
Russia
(Black Sea)
65%
Bulgaria
64%
Greece
64%
Romania
64%
Russia
(Crimea)
64%
Ukraine
(Black Sea)
64%
Ukraine
(Sea of Azov)
64%
Albania
63%
Croatia
(South)
63%
Italy
63%
Montenegro
63%
Turkey
(European)
63%
Bosnia and Herzegovina
62%
Croatia
(North)
62%
France
62%
France
(Bay of Biscay)
62%
France
(Mediterranean Sea)
62%
Monaco
62%
Portugal
62%
Slovenia
62%
Spain
(Bay of Biscay)
62%
Spain
(Mediterranean Sea)
62%
Belgium
61%
Denmark
61%
Germany
(Baltic Sea)
61%
Germany
(North Sea)
61%
Netherlands
61%
Poland
61%
Estonia
60%
Finland
60%
Latvia
60%
Lithuania
60%
Norway
60%
Russia
(European Arctic)
60%
Russia
(Kaliningrad)
60%
Russia
(Saint Petersburg)
60%
Sweden
60%

Score Distribution

Percentile by Number Answered

Percent of People with Each Score

Your Score History

You have not taken this quiz since the last reset